| 000 | 00889nam a22002417a 4500 | ||
|---|---|---|---|
| 999 |
_c56158 _d56158 |
||
| 005 | 20210325202705.0 | ||
| 008 | s2008 eng d | ||
| 020 | _a9789743072161 | ||
| 040 | _aNALT | ||
| 041 | _aeng | ||
| 050 |
_aHF 1604 _bT72 2002 V.22 |
||
| 245 | 0 | 0 |
_aTrade policy review of China, 2006 / _cรังสรรค์ ธนะพรพันธุ์ บรรณาธิการ. |
| 260 |
_aBangkok : _bWTO Watch, _c2008. |
||
| 300 |
_a673 p. : _btables ; _c21 cm. |
||
| 650 | 0 |
_aForeign trade regulation _zChina _940157 |
|
| 651 | 0 |
_936628 _aChina _xCommerce |
|
| 651 | 0 |
_940156 _aChina _xCommercial policy |
|
| 651 | 0 |
_940158 _aChina _xEconomic conditions _y2006 |
|
| 700 | 0 |
_aรังสรรค์ ธนะพรพันธุ์ _914812 |
|
| 850 | _aNALT | ||
| 942 |
_cGB _2lcc |
||
| 998 |
_j1020 _k จำเรียง ระวังสำโรง |
||